[Event "Getxo op 1st"]
[Site "Getxo"]
[Date "2016.09.11"]
[Round "2.6"]
[White "Prieto Aranguren, Alain"]
[Black "Alvarez Dominguez, Francisco Javier"]
[Result "1-0"]
[WhiteElo "2168"]
[BlackElo "1906"]
[PlyCount "73"]
[EventDate "2016.09.10"]
[EventType "swiss"]
[EventCountry "ESP"]
[SourceTitle "EXT 2024"]
[Source "ChessBase"]
[SourceDate "2023.10.10"]
[SourceVersion "1"]
[SourceVersionDate "2023.10.10"]
[SourceQuality "1"]

1. d4 Nf6 2. Bg5 d5 3. e3 c6 4. Nd2 h6 5. Bh4 Bf5 6. c4 Nbd7 7. Ngf3 e6 8. Be2 Be7 9. 0-0 0-0 10. Qb3 Qb6 11. Ne5 Rfe8 12. Nxd7 Nxd7 13. Bxe7 Rxe7 14. Qa3 Rae8 15. c5 Qc7 16. Qxa7 e5 17. dxe5 Nxe5 18. Nf3 Nxf3+ 19. Bxf3 Qe5 20. Qa3 Be4 21. Bxe4 Qxe4 22. Rad1 Qc2 23. Rc1 Qe2 24. Qb4 Qa6 25. a3 Re4 26. Qb6 Qxb6 27. cxb6 d4 28. exd4 Rxd4 29. Rfd1 Rxd1+ 30. Rxd1 Re2 31. Rb1 Re5 32. a4 Re4 33. b4 Re2 34. Kf1 Ra2 35. a5 Kf8 36. Rc1 Rb2 37. Rxc6 1-0

[Event "Erandio op 18th"]
[Site "Erandio"]
[Date "2009.12.24"]
[Round "7"]
[White "Alvarez Dominguez, Francisco Javier"]
[Black "Angulo Martinez, Jon"]
[Result "0-1"]
[WhiteElo "1945"]
[BlackElo "2198"]
[PlyCount "108"]
[EventDate "2009.12.19"]
[EventType "swiss"]
[EventRounds "9"]
[EventCountry "ESP"]
[SourceTitle "CBM 133 Extra"]
[Source "ChessBase"]
[SourceDate "2010.01.05"]
[SourceVersion "1"]
[SourceVersionDate "2010.01.05"]
[SourceQuality "1"]

1. e4 c5 2. c3 d5 3. exd5 Qxd5 4. d4 Nf6 5. Nf3 Nc6 6. Be3 cxd4 7. cxd4 Bg4 8. Be2 e6 9. Nc3 Qa5 10. a3 Bd6 11. 0-0 0-0 12. Nb5 Bb8 13. b4 Qd8 14. Bg5 a6 15. Nc3 Qc7 16. g3 Bh3 17. Bxf6 Bxf1 18. Qxf1 gxf6 19. Ne4 Qe7 20. Bc4 f5 21. Neg5 h6 22. Qh3 hxg5 23. Qh6 Nxd4 24. Nxg5 f6 25. Nxe6 Nxe6 26. Bxe6+ Rf7 27. Qg6+ Kf8 28. Qh6+ Ke8 29. Bxf7+ Qxf7 30. Re1+ Kd7 31. Qd2+ Bd6 32. Rd1 Qe7 33. Qd5 Kc7 34. Rc1+ Kb8 35. Rd1 Bc7 36. Qxf5 Bb6 37. Kf1 Ka7 38. Rd7 Qe8 39. Qd5 Qc8 40. a4 Qc1+ 41. Kg2 Rb8 42. a5 Bc7 43. b5 Bxa5 44. bxa6 Kxa6 45. Qd3+ b5 46. Qd6+ Rb6 47. Qe7 Qc6+ 48. Kg1 Rb7 49. Rxb7 Qxb7 50. Qxf6+ Qb6 51. Qf5 b4 52. Qd3+ Qb5 53. Qb3 Qc5 54. h4 Kb5 0-1

[Event "Mondragon Arrasate Hiria op 9th"]
[Site "Mondragon"]
[Date "2009.10.30"]
[Round "4"]
[White "Fernandez Zubitur, Jokin"]
[Black "Alvarez Dominguez, Francisco Javier"]
[Result "1-0"]
[WhiteElo "1869"]
[BlackElo "1963"]
[PlyCount "99"]
[EventDate "2009.10.09"]
[EventType "swiss"]
[EventRounds "6"]
[EventCountry "ESP"]
[SourceTitle "EXT 2010"]
[Source "ChessBase"]
[SourceDate "2010.11.25"]
[SourceVersion "1"]
[SourceVersionDate "2010.11.25"]
[SourceQuality "1"]

1. e4 c5 2. Nc3 Nc6 3. g3 g6 4. Bg2 Bg7 5. d3 d6 6. f4 e6 7. Nf3 Nge7 8. Be3 Nd4 9. 0-0 0-0 10. Rb1 Nec6 11. Ne2 Qc7 12. c3 Nxf3+ 13. Bxf3 b6 14. d4 Bd7 15. Qd2 Rac8 16. Rfd1 Rfd8 17. Rbc1 Ne7 18. dxc5 dxc5 19. Qd6 Qxd6 20. Rxd6 Ba4 21. Rxd8+ Rxd8 22. Kf2 h5 23. h3 Bc6 24. g4 hxg4 25. hxg4 f5 26. gxf5 gxf5 27. e5 Bxf3 28. Kxf3 Rd3 29. c4 Ng6 30. Ng3 Nxe5+ 31. Ke2 Rxe3+ 32. Kxe3 Ng4+ 33. Kf3 Bxb2 34. Rd1 Bd4 35. Ne2 e5 36. fxe5 Nxe5+ 37. Kf4 Nxc4 38. Nxd4 cxd4 39. Rxd4 b5 40. Kxf5 a6 41. Ke6 Kg7 42. Rh4 Kg6 43. Rg4+ Kh5 44. Rg8 a5 45. Kd5 Na3 46. Kc5 Kh4 47. Ra8 a4 48. Kb4 Nb1 49. Rd8 Kg4 50. Rd1 1-0